01794nam a2200361Ii 4500001001200000003000800012006001900020007001500039008004100054020001500095020001800110040002600128041001300154050001700167100002800184240005100212245012700263264003900390300003400429336002600463337002600489338003600515490003700551504005200588520054900640650001501189650001501204655002201219700003501241700002101276830006401297856007101361DIGBIN01512NyNyDIGm o d cr |||||||||||051013s2000 sp ob 000 0 spa d z8470308653 z9788470308659 aDGITAbengepncDGITA1 aspahger04aHX39.5 eBook1 aMarx, Karl,d1818-1883.10aManifest der Kommunistischen Partei.l Spanish10aManifiesto del partido comunista /cKarl Marx y Friedrich Engels ; traducción, introducción y notas de Jacobo Muñoz. 1aMadrid :bBiblioteca Nueva,c2000. a1 online resource (125 pages) atextbtxt2rdacontent acomputerbc2rdamedia aonline resourcebcr2rdacarrier1 aClásicos del pensamiento;v12. aIncludes bibliographical references (p. 25-27). a"La presente versión al castellano del Manifiesto del Partido Comunista de Karl Marx y Friedrich Engels ha sido realizada a partir del texto de la última edición alemana preparada por Engels en 1890. En las notas se recogen, de todos modos, las variantes, respecto a la primera edición de 1848, de las distintas ediciones alemanas (de 1848, 1872, 1883) y de la edición inglesa de 1888 introducidas por los autores, así como las notas adicionales a la última edición inglesa y a la alemana de 1890 añadidas por Engels" (p. 45). 0aSocialism. 0aCommunism. 0aElectronic books.1 aEngels, Friedrich,d1820-1895.1 aMuñoz, Jacobo. 0aClásicos del pensamiento (Biblioteca Nueva (Firm)) ;v12.403Digitalia Hispánicauhttps://www.digitaliapublishing.com/a/4733/